青春ブタ野郎シリーズ(アニメ)で思春期症候群を発症したキャラ - Statistics

General Stats
  • This quiz has been taken 16 times
  • The average score is 7 of 11
Answer Stats
キャラ % Correct
桜島麻衣
100%
梓川咲太
93%
梓川花楓
87%
牧之原翔子
87%
双葉理央
80%
古賀朋絵
73%
豊浜のどか
53%
広川卯月
40%
姫路紗良
40%
赤城郁実
33%
岩見沢寧々
33%
No matching quizzes found
Score Distribution
Percent of People with Each Score
Percentile by Number Answered
Your Score History
You have not taken this quiz